Central Library and Information Centre
Sibsagar Girls' College, Sivasagar : Assam

NUTRITION AN INTEGRATED APPROACH (Record no. 7916)

MARC details
000 -LEADER
fixed length control field 00409cam a2200169ua 4500
008 - FIXED-LENGTH DATA ELEMENTS--GENERAL INFORMATION
fixed length control field 151120n1984 II |||gr||||Z||||||eng
040 ## - CATALOGING SOURCE
Original cataloging agency MAIN
041 ## - LANGUAGE CODE
-- English
082 ## - DEWEY DECIMAL CLASSIFICATION NUMBER
Classification number 641.1 PIK
100 ## - MAIN ENTRY--PERSONAL NAME
Personal name PIKE , RUTH L .
245 ## - TITLE STATEMENT
Title NUTRITION AN INTEGRATED APPROACH
260 ## - PUBLICATION, DISTRIBUTION, ETC.
Place of publication, distribution, etc. NEW YORK
Name of publisher, distributor, etc. JOHN WILLEY & SONS
Date of publication, distribution, etc. 1984
300 ## - PHYSICAL DESCRIPTION
Extent 1068.:
Dimensions 22 CM.
700 ## - ADDED ENTRY--PERSONAL NAME
Personal name BROWN , MYRLLE L.
942 ## - ADDED ENTRY ELEMENTS (KOHA)
Koha item type Books
Holdings
Withdrawn status Lost status Damaged status Not for loan Collection code Home library Current library Shelving location Date acquired Full call number Barcode Date last seen Copy number Price effective from Koha item type Public note
        REFHMSC Central Library and Information Centre Sibsagar Girls College Central Library and Information Centre Sibsagar Girls College Home Science Rack 20.04.1983 641.1 PIK 07060 27.02.2020 1 27.02.2020 Books  
        REFHMSC Central Library and Information Centre Sibsagar Girls College Central Library and Information Centre Sibsagar Girls College HOMESCIENCE BOOK RACK 20.04.1983 641.1 PIK 07061 27.02.2020 2 27.02.2020 Books V


Sibsagar Girl's College © 2020. All rights reserved.
Powered by Koha.
Maintained by Abhijit Borpuzari.